[Event "Lippe Cup-C 08th"]
[Site "Lieme"]
[Date "2011.10.30"]
[Round "5"]
[White "Lamek, Hans"]
[Black "Mehsin, Mohammed"]
[Result "0-1"]
[WhiteElo "1351"]
[BlackElo "1460"]
[PlyCount "108"]
[EventDate "2011.10.28"]
[EventType "swiss"]
[EventRounds "5"]
[EventCountry "GER"]
[SourceTitle "EXT 2012"]
[Source "ChessBase"]
[SourceDate "2011.11.24"]
[SourceVersion "1"]
[SourceVersionDate "2011.11.24"]
[SourceQuality "1"]

1. d4 d5 2. e4 dxe4 3. Bc4 Nf6 4. f3 Nc6 5. c3 exf3 6. Nxf3 e6 7. Bg5 Be7 8. 0-0 Nd5 9. Qd2 0-0 10. Na3 Bxg5 11. Nxg5 h6 12. Nf3 Nf6 13. Rae1 Re8 14. Nc2 e5 15. dxe5 Qxd2 16. Nxd2 Rxe5 17. Rxe5 Nxe5 18. Bb3 Nd3 19. Nc4 Be6 20. N2e3 b5 21. Nd2 Bxb3 22. axb3 Nxb2 23. Nf5 Nd3 24. Rf3 Ne5 25. Rg3 Ng6 26. h4 Re8 27. Re3 Rxe3 28. Nxe3 Nxh4 29. g3 Ng6 30. Nf5 Ne5 31. Nd4 a6 32. Kg2 g6 33. N2f3 Nxf3 34. Kxf3 Kf8 35. Kf4 Nd5+ 36. Ke5 Nxc3 37. Nc6 h5 38. Kf6 Ne4+ 39. Ke5 Nxg3 40. Kf4 h4 41. Kg4 g5 42. Ne5 f6 43. Nf3 a5 44. Nd4 a4 45. b4 a3 46. Nc2 a2 47. Kh3 f5 48. Kg2 g4 49. Kg1 f4 50. Kg2 f3+ 51. Kf2 Nh1+ 52. Kg1 f2+ 53. Kg2 h3+ 54. Kf1 g3 0-1